Normal view
MARC view
Entry Corporate Name
001 - CONTROL NUMBER
- control field: 32597
003 - CONTROL NUMBER IDENTIFIER
- control field: ARRUPE
005 - DATE AND TIME OF LATEST TRANSACTION
- control field: 20170614110637.0
008 - FIXED-LENGTH DATA ELEMENTS
- fixed length control field: 170614|| aca||aabn | a|a d
040 ## - CATALOGING SOURCE
- Original cataloging agency: ARRUPE
- Transcribing agency: ARRUPE
110 ## - HEADING--CORPORATE NAME
- Corporate name or jurisdiction name as entry element: Rassemblement démocratique africain.
670 ## - SOURCE DATA FOUND
- Source citation: Work cat.: (ARRUPE)4793: Schmidt, Elizabeth, 1955- 32596, Cold War and decolonization in Guinea, 1946-1958 /, 2007.